| 000 | 01196nam a22003017a 4500 | ||
|---|---|---|---|
| 999 |
_c4064 _d4064 |
||
| 005 | 20251008075810.0 | ||
| 008 | 250114b ||||| |||| 00| 0 eng d | ||
| 020 | _a9780064434720 | ||
| 040 | _cKH8 | ||
| 082 | _a 741.642 ZOL | ||
| 100 |
_aCHARLOTTE ZOLOTOW _eZOLOTOW,CHARLOTTE |
||
| 245 | _aWHEN THE WIND STOPS | ||
| 260 |
_a195 Broadway, New York, NY 10007 _bHarperCollins _c1995 |
||
| 300 |
_a32 Pages _bcolor illustrations _c22 cm x 26 cm |
||
| 500 | _aOriginally published in earlier edition with different illustrations | ||
| 520 | _aA mother explains to her son that in nature an end is also a beginning as day gives way to night, winter ends and spring begins, and, after it stops falling, rain makes clouds for other storms. | ||
| 521 | _aAges 4‑7 | ||
| 586 | _aAmerican Library Association Notable Children’s Book, 1996 | ||
| 600 | _2Wind (Metaphorical) Juvenile fiction | ||
| 650 |
_2Nature stories _aJuvenile fiction |
||
| 650 |
_2Weather _aJuvenile fiction |
||
| 650 |
_2Cycles _aJuvenile fiction |
||
| 650 |
_2Cycles _aJuvenile fiction |
||
| 655 | _aPicture books | ||
| 655 | _aChildren’s stories | ||
| 700 |
_aVitale,Stefano _eillustrator |
||
| 942 |
_2ddc _cFIC |
||